Brawl Stars Brawlers (Updated Jun 2025) - Statistics

General Stats
  • This quiz has been taken 2,672 times
    1,042 since last reset
  • The average score is 59 of 92
Answer Stats
Rarity Brawler % Correct
Starting Brawler Shelly
96%
Rare Colt
90%
Rare Nita
87%
Rare Bull
85%
Rare Rosa
85%
Rare El Primo
84%
Legendary Crow
83%
Ultra Legendary Kaze
83%
Legendary Spike
83%
Rare Brock
82%
Legendary Leon
81%
Rare Poco
81%
Rare Barley
80%
Epic Frank
78%
Mythic Mortis
78%
Epic Bo
77%
Super Rare Jessie
77%
Super Rare Dynamike
76%
Super Rare Rico
76%
Epic Edgar
75%
Legendary Kenji
75%
Epic Piper
75%
Legendary Surge
75%
Legendary Amber
74%
Legendary Kit
73%
Legendary Meg
73%
Super Rare 8-Bit
72%
Super Rare Darryl
72%
Epic Mandy
72%
Super Rare Penny
72%
Super Rare Gus
71%
Legendary Sandy
71%
Super Rare Tick
71%
Epic Emz
69%
Super Rare Jacky
69%
Epic Pam
69%
Legendary Chester
68%
Mythic Tara
67%
Super Rare Carl
66%
Legendary Cordelius
66%
Epic Bea
64%
Epic Bibi
64%
Legendary Draco
64%
Epic Stu
64%
Mythic Buzz
63%
Mythic Byron
62%
Epic Colette
61%
Epic Angelo
60%
Epic Gale
60%
Mythic Gene
60%
Epic Hank
60%
Epic Belle
59%
Epic Berry
59%
Epic Bonnie
59%
Mythic Janet
59%
Mythic Lou
59%
Mythic Mr. P
59%
Mythic Doug
58%
Mythic Fang
58%
Mythic Max
58%
Epic Griff
57%
Mythic Juju
57%
Epic Larry & Lawrie
57%
Epic Nani
57%
Mythic Lily
56%
Mythic Lumi
56%
Epic Sam
56%
Epic Shade
56%
Mythic Sprout
56%
Mythic Buster
55%
Epic Grom
55%
Mythic Mico
55%
Mythic Ollie
55%
Mythic R-T
55%
Mythic Ruffs
54%
Mythic Chuck
53%
Mythic Melodie
53%
Mythic Squeak
52%
Epic Ash
51%
Mythic Gray
51%
Epic Maisie
51%
Mythic Willow
51%
Mythic Eve
50%
Mythic Finx
50%
Mythic Otis
50%
Epic Pearl
50%
Mythic Charlie
49%
Epic Meeple
49%
Mythic Clancy
48%
Epic Lola
48%
Mythic Moe
47%
Mythic Jae-Yong
46%
No matching quizzes found
Score Distribution
Percent of People with Each Score
Percentile by Number Answered
Your Score History
You have not taken this quiz since the last reset